| 000 | 00000nas 2200000za 4500 |
| 001 | 9.878441 |
| 003 | CaOODSP |
| 005 | 20221107165236 |
| 007 | cr ||||||||||| |
| 008 | 190823d20002003oncar p o f0 a0eng|d |
| 022 | |a1701-6622 |
| 040 | |aCaOODSP|beng |
| 043 | |an-cn--- |
| 086 | 1 |aTU1-3/1E-PDF |
| 130 | 0 |aTSB statistical summary, aviation occurrences (Online) |
| 210 | 0 |aTSB stat. summ. aviat. occur. |b(Online) |
| 222 | 0|aTSB statistical summary, aviation occurrences |b(Online) |
| 245 | 10|aTSB statistical summary, aviation occurrences |h[electronic resource]. |
| 246 | 3 |aTransportation Safety Board statistical summary, aviation occurences |
| 260 | |a[Ottawa : |bTransportation Safety Board of Canada, |c2000?-2004] |
| 310 | |aAnnual |
| 362 | 1 |aBegan with 2000?; ceased with 2003. |
| 500 | |aIssued also in French under title: Sommaire statistique du BST, événements aéronautiques. |
| 692 | 07|2gccst|aAir safety |
| 692 | 07|2gccst|aAircraft accidents |
| 710 | 2 |aTransportation Safety Board of Canada. |
| 775 | 08|tSommaire statistique du BST, événements aéronautiques |w(CaOODSP)9.878457 |
| 785 | 00|tStatistical summary, aviation occurrences |w(CaOODSP)9.505777 |